000 00455nam a2200193Ia 4500
005 20240823030653.0
008 240823s9999||||xx |||||||||||||| ||und||
020 _a978-81-8052-145-4
041 _aENGLISH
082 _A621.8 P9
100 _aAhluwalia V K
245 0 _aSteroids and Hormones
250 _a1st
260 _c2009
_bAne Books Pv
500 _aTRANSFERED
650 _aHormones
_bBio Medical Engg.
942 _cBK
999 _c189246
_d189246